000 00803nam a2200217Ia 4500
005 20241129110926.0
008 241129s9999||||xx |||||||||||||| ||und||
020 _a978-93-85600-03-6
037 _aTB
040 _aCRL
_bhin
_cCRL
041 _ahin
_2hin
084 _aO152,1:g Q6
_qCRL
100 _aनामदेव, संपा.
245 0 _aहिन्दी कविता: मध्यकाल और आधुनिक काल
_cनामदेव, संपा.
260 _aदिल्ली, भारत
_bअक्षर पब्लिशर्स एण्ड डिस्ट्रीब्यूटर्स
_c2016
300 _a92पृ0
365 _aINR
_b70
650 _aHindi literaturePoetry
942 _cTB
_hO152,1:g Q6
999 _c1228128
_d1228128